Conceptos y modelos de quimica inorganica / Bodie E. Douglas (Registro nro. 19671)
[ vista simple ]
| 000 -LÍDER | |
|---|---|
| fixed length control field | 00438nam a2200157 4500 |
| 008 - ELEMENTOS DE LONGITUD FIJA -- INFORMACIÓN GENERAL | |
| fixed length control field | 0 1994 0an 000 0Mex |
| 020 ## - NÚMERO INTERNACIONAL NORMALIZADO PARA LIBROS | |
| ISBN | 84-291-7153-3 |
| 050 ## - SIGNATURA TOPOGRAFICA DE LA BIBLIOTECA DEL CONGRESO (LC) | |
| Número de Clasificación | QD475 D65 1994 |
| 082 ## - NUMERO DE CLASIFICACION DECIMAL DEWEY | |
| Número de Clasificación | 546.2 D449c |
| 100 ## - ASIENTO PRINCIPAL--NOMBRE PERSONAL | |
| Nombre personal | Douglas Bodie E. |
| 245 ## - TÍTULO | |
| Título | Conceptos y modelos de quimica inorganica / Bodie E. Douglas |
| 250 ## - MENCIÓN DE EDICIÓN | |
| Mención de edición | 2a. Ed |
| 260 ## - PUBLICACIÓN, DISTRIBUCIÓN, ETC. (PIE DE IMPRENTA) | |
| Lugar de publicación, distribución, etc. | Mexico: Reverte |
| 300 ## - DESCRIPCIÓN FÍSICA | |
| Extensión | xii, 777p, 26cm |
| 650 ## - ASIENTO SECUNDARIO DE MATERIA - TERMINO TEMÁTICO | |
| Término temático o nombre geográfico como elemento de entrada | 1. QUIMICA INORGANICA |
| No. biblioteca | No. biblioteca | Número de clasificación | Código de barras/Número de adquisición | Número de copia | Tipo de material |
|---|---|---|---|---|---|
| LUIS G. INCLAN | LUIS G. INCLAN | 546.2 D449c | 24895 | 4 | Libros |
| LUIS G. INCLAN | LUIS G. INCLAN | 546.2 D449c | 24896 | 5 | Libros |
| LUIS G. INCLAN | LUIS G. INCLAN | 546.2 D449c | 24897 | 6 | Libros |
